[Event "IND-ch"]
[Site "Mumbai"]
[Date "2003.01.20"]
[Round "4"]
[White "Prakash, GB."]
[Black "Kunte, Abhijit"]
[Result "1/2-1/2"]
[WhiteElo "2439"]
[BlackElo "2507"]
[Annotator "Gershon,A"]
[PlyCount "109"]
[EventDate "2003.01.18"]
[EventType "tourn"]
[EventRounds "21"]
[EventCountry "IND"]
[EventCategory "8"]
[SourceTitle "CBM 094"]
[Source "ChessBase"]
[SourceDate "2003.05.26"]
[SourceVersion "1"]
[SourceVersionDate "2003.05.26"]
[SourceQuality "1"]

1. d4 Nf6 2. c4 e6 3. Nf3 b6 4. g3 Ba6 5. Nbd2 d5 6. Bg2 Be7 7. O-O O-O 8. cxd5
exd5 9. Ne5 c5 $6 {This premature advance allows white an immediate play
against the hanging pawns.} ({the usual continuation is:} 9... Bb7 $142) 10.
dxc5 bxc5 11. Ndc4 $1 Bb7 $2 {After this move black's position becomes critical
} (11... Re8 $2 12. Bg5 $1 {[%csl Rd5]} Bb7 13. Qb3 Qc8 (13... Qc7 14. Bf4 Nh5
15. Na5 $1 Nxf4 16. gxf4 $16 {[%csl Rd5][%cal Ya5b7]}) 14. Na5 Nc6 15. Naxc6
Bxc6 16. Bxf6 $18) ({the only way to continue was:} 11... Nbd7 $142 $1 12. Nxd7
(12. Nc6 $6 Qe8 13. Bxd5 (13. Ne3 Nb6 14. Nxe7+ Qxe7 15. b3 Rae8 $17 {[%csl
Re2]}) 13... Nxd5 14. Qxd5 Nf6 15. Nxe7+ Qxe7 16. Qd6 Qxd6 17. Nxd6 Rad8 $1 18.
Nf5 Rfe8 $11) 12... Qxd7 13. Ne3 Rad8 14. b3 Qe6 15. Qc2 $13) 12. Qb3 Bc6 (
12... Qc7 $2 13. Bf4 Nh5 14. Ng6 Nxf4 15. Nxf4 {[%csl Rd5]} Rd8 16. Rfd1 $18)
13. Ne3 {The black pieces are poorly placed, and he cannot avoid material loss}
Qd6 (13... Re8 14. Rd1 Bf8 15. Nxc6 Nxc6 16. Nxd5 Nd4 (16... Rxe2 17. Nf4 $18)
17. Rxd4 cxd4 18. Nxf6+ Qxf6 19. Bxa8 Rxa8 20. Bf4 $16) 14. Nxc6 Nxc6 15. Nxd5
$16 Nd4 16. Bf4 Nxe2+ {This sacrifices an exchange, but significantly
weakening white's king, which gives black practical chances for survival.} (
16... Nxb3 17. Bxd6 Bxd6 (17... Nxd5 $2 18. Bxe7 Nxa1 19. Bxd5 $18) 18. Nxf6+
gxf6 19. axb3 Rae8 20. Rfd1 $16) 17. Kh1 Nxf4 18. Nxe7+ Qxe7 19. Bxa8 Rxa8 20.
gxf4 Qe4+ 21. f3 Qxf4 {the last 5 moves were forced, and now the players
reached a technically won position for white.} 22. Rac1 Rd8 23. Qc4 (23. Rcd1 {
would have been more techical. After exchanging one pair of rooks, black would
have no counterchances, and white would bring home the victory.}) 23... Qe5 24.
Qxc5 Qxb2 25. Qxa7 {white won a pawn, but disorganized his own pieces while
doing so. Black still has chances against white's weakened king.} h6 {[%cal
Gd8d2]} 26. Rb1 Qe5 27. Qb6 Ra8 ({of course not:} 27... Rd2 28. Qb8+ Qxb8 29.
Rxb8+ {with an easy win}) 28. Qb2 Qe6 29. Ra1 {preparing to push the pawn.} Nh5
30. Qb3 $4 {after this blunder, the win is no longer there.} (30. a4 Ra5 31.
Rfd1 Qh3 32. Qg2 {with a winning position}) 30... Ng3+ $1 31. Kg2 (31. hxg3 $4
{even loses} Qh3+ 32. Kg1 Qxg3+ 33. Kh1 Ra5) 31... Nxf1 32. Qxe6 fxe6 33. Rxf1
Rxa2+ {and it is white who has to fight for a draw now! Luckily for him, the
draw is quite easy.} 34. Kg3 Kf7 35. h4 $1 Kf6 36. Rc1 Ra4 37. Rc5 {black
cannot make any progress without exchanging pawns in the process.} Ra1 38. Kg2
Rd1 39. Kg3 Rd5 (39... e5 40. f4 Rd3+ (40... e4 41. Re5 Rd3+ 42. Kg4 g6 {
[%cal Gh6h5]} 43. h5 gxh5+ 44. Rxh5 Kg6 45. Re5 e3 46. Kf3 $11) 41. Kg4 e4 42.
Rf5+ Kg6 43. h5+ Kh7 44. Re5 $11) 40. Rc8 h5 41. Rf8+ Ke7 42. Rh8 Kf7 43. Kf4
g5+ 44. hxg5 Rf5+ 45. Ke4 Rxg5 46. f4 Ra5 47. Rh6 {This is a draw already.
Black cannot make any progress without losing a pawn now.} Ke7 48. Kf3 Rf5 49.
Ke4 Kf7 50. Ke3 Rb5 51. Ke4 Rb4+ 52. Kf3 Rb3+ 53. Kg2 h4 54. Rxh4 Kg6 55. Rh3
1/2-1/2

[Event "RUS-ch sf 58th"]
[Site "Kazan"]
[Date "2005.09.09"]
[Round "7"]
[White "Sakaev, Konstantin"]
[Black "Alekseev, Evgeny V"]
[Result "0-1"]
[WhiteElo "2669"]
[BlackElo "2625"]
[Annotator "Gershon,A"]
[PlyCount "80"]
[EventDate "2005.09.03"]
[EventType "swiss"]
[EventRounds "9"]
[EventCountry "RUS"]
[SourceTitle "CBM 109"]
[Source "ChessBase"]
[SourceDate "2005.11.14"]
[SourceVersion "1"]
[SourceVersionDate "2005.11.14"]
[SourceQuality "1"]

1. d4 Nf6 2. c4 e6 3. Nf3 b6 4. g3 Ba6 5. Nbd2 c5 {This sharp move has lately
lost its popularity to more solid replies, like Bb7 and Bb4:} (5... Bb7 6. Bg2
Bb4 7. O-O O-O 8. a3 Bxd2 9. Qxd2 Be4 10. b3 d6 11. Bb2 Nbd7 12. Qc3 a5 {
1-0 Gulko,B-Lafuente,P/Buenos Aires ARG 2005/The Week in Chess 554 (36) and
although a bit passive, black's position is very solid.}) (5... Bb4 6. Qc2 Bb7
7. Bg2 Be4 8. Qb3 Bxd2+ 9. Bxd2 O-O 10. O-O d6 11. Rfd1 Nbd7 12. Rac1 Qe7 13.
Qa3 a5 14. Bh3 Rae8 15. Ne1 Bg6 {with a slight advantage for white. 1/2-1/2
Socko,B-Gelashvili,T/Athens GRE 2005/The Week in Chess 540 (74)}) 6. e4 cxd4 7.
e5 {this pawn sacrifice is the idea behind white's opening plan. Black's
position, however, is considered to be OK, provided that he knows what he's
doing.} Ng4 8. h3 Nh6 9. Bg2 Nc6 10. O-O Nf5 11. a3 Be7 12. b4 Bb7 13. g4 Nh4
14. Nxh4 Bxh4 15. Ne4 Be7 {these moves are played almost automatically, and
now whie has some options:} 16. Bf4 {White's latest attempt to achieve an
advantage, since Bg5 seems to be fine for black.} (16. Bg5 O-O 17. Bxe7 Nxe7
18. Qxd4 Bxe4 19. Bxe4 Rc8 20. f4 (20. Rad1 $5 Rc7 21. f4 f6 22. exf6 Rxf6 23.
Bc2 Qc8 24. Bb3 Kh8 {1-0 Tregubov,P-Kulaots,K/Moscow 2002/CBM 88_01/[Gershon] 
(56) and black is OK.}) 20... Qc7 21. Rac1 f5 22. exf6 Rxf6 23. c5 Rcf8 24. Qd6
Qxd6 25. cxd6 Nd5 $1 26. f5 Ne3 27. Rf3 exf5 28. gxf5 Nxf5 {1/2-1/2 Tregubov,
P-Gershon,A/Ohrid 2001/CBM 84 (39) and the draw is inevitable.}) 16... O-O 17.
g5 Kh8 $146 {Alekseev makes a move that is inevitable anyway, and waits to see
what are white's plans here.} (17... Qb8 {was tested in the previous game:} 18.
Re1 Kh8 19. Qh5 Nxe5 $5 {interesting long term sacrifice} 20. Bxe5 Qxe5 21. Nc5
Qc7 22. Nxb7 Qxc4 {white is a piece up, but his knight on b7 is stuck.} 23. Re4
Qb5 24. Rh4 h6 25. gxh6 Qxh5 26. hxg7+ Kxg7 27. Rxh5 d5 28. Bxd5 exd5 29. Rxd5
Rg8 {with an equality 1/2-1/2 Eljanov,P-Parligras,M/Warsaw POL 2005/The Week
in Chess 555 (65)}) 18. Re1 Rc8 {eying the weakness on c4.} 19. h4 Rg8 $1 {
an exceptionally strong positional idea: the rook frees up the square for the
queen to attack white pawns along the a3-f8 diagonal, and in the meanwhile
black protects everything on the kingside.} 20. Bg3 ({after} 20. Rc1 $5 Qf8 21.
c5 bxc5 22. bxc5 {the position remains unclear.}) 20... Qf8 21. Qh5 a5 {
this forces white to give uo the beautiful knight on e4, and move the pawn
from e5 to d6. A big achievement for black.} 22. Nd6 Bxd6 23. exd6 Nd8 $2 {
Too passive, and what's more important: removing a defence from the key square
on e5.} (23... Qe8 {was stronger, intending to free the kingside with f5.}) 24.
Bf1 Qe8 {Now, compared to previous move, white has a very strong reply Re5.
But it's hard to suggest any real improvement for black.} (24... axb4 25. axb4
f6 26. Bd3 g6 27. Qd1 {is also very good for white.}) 25. Bd3 $2 ({Stronger was
} 25. Re5 $1 axb4 (25... f6 26. Qxe8 Rxe8 27. Rb5 axb4 28. axb4 Rc6 29. Bg2
Rxc4 30. Bxb7 Nxb7 31. Rxb6 {with white's advantage}) 26. axb4 {with a threat
of Rb5 and black queen side is falling apart.}) 25... f5 {now black is fine}
26. Qd1 $6 {and another mistake immediately.} ({white should have settled for
an approximately equal endgame after} 26. Qxe8 Rxe8 27. Rac1 Nf7 28. c5 axb4
29. axb4 bxc5 30. bxc5 g6 31. f4 {and white is slightly better.}) 26... Rf8 27.
bxa5 f4 28. Bh2 bxa5 29. Rb1 $6 (29. Qg4 {was probably white's last chance} Qf7
30. Rab1 {in order to meet Rc5 with Rb5} Bc6 31. h5 {threatening Bh7 with an
unclear game}) 29... Bc6 30. g6 {this plays to black's hands. White is too
weak on the kingside for opening it even move. However, it's hard to suggest
real improvements for white.} (30. Qg4 Nb7 31. Bxf4 Nc5 32. Bf1 Qf7 {with a
strong initiative for black.}) 30... Rf6 31. Qg4 (31. Qh5 h6 32. c5 Qf8 {
intending Bd5} 33. Qe5 Bf3 $1 {[%cal Gd8c6]} 34. Qxd4 Bh5 {and black is
clearly on top.}) 31... Qf8 32. Re5 {It's hard to imagine, but white position
is very difficult.} (32. Qh5 h6 33. Qxa5 Nb7 34. Qe5 Nxd6 {and black is better}
) 32... hxg6 33. Bxf4 (33. Bxg6 Nf7 34. Qh5+ Nh6 {and white's position quickly
deteriorates}) 33... Nf7 34. Rxa5 (34. Bxg6 {is beautifully refuted by} Bf3 $1
35. Qxf3 Rxg6+ 36. Kf1 Nxe5 $19) 34... Nh6 35. Bxh6 gxh6 36. Qxd4 Kg8 37. Be2
$2 {and after this white is lost.} ({but even after the better} 37. Kf1 Rf4 38.
Qe3 Qf6 {black controls the position.}) 37... Rf4 38. Qe3 Qf6 39. Qg3 Rxh4 40.
f3 ({a computer like} 40. Rh5 $1 {was the only way to keep fighting:} Rxh5 41.
Bxh5 {although after} Be4 42. Re1 Rxc4 {white will not hold it.}) 40... Qd4+ {
and on Kg2 black wins the queen with Rg4.} 0-1

[Event "Goodricke op 13th"]
[Site "Kolkata"]
[Date "2002.03.17"]
[Round "1"]
[White "Kuzmin, Alexey"]
[Black "Ravi, Thandalam Shanmugam"]
[Result "1/2-1/2"]
[WhiteElo "2568"]
[BlackElo "2357"]
[Annotator "Gershon,A"]
[PlyCount "80"]
[EventDate "2002.03.17"]
[EventType "swiss"]
[EventRounds "11"]
[EventCountry "IND"]
[SourceTitle "CBM 088"]
[Source "ChessBase"]
[SourceDate "2002.03.21"]
[SourceVersion "1"]
[SourceVersionDate "2002.03.21"]
[SourceQuality "1"]

1. d4 Nf6 2. c4 e6 3. Nf3 b6 4. g3 Ba6 5. Qa4 Bb7 6. Bg2 c5 7. dxc5 Bxc5 8. O-O
O-O 9. Nc3 Be7 10. Bf4 Na6 {Due to the misplaced position of white queen black
is able to get a good hold of the center. This variation doesn't look like one
that will cause black to change and opening.} 11. Rfd1 Nc5 12. Qc2 Qc8 (12...
a6 13. Rac1 Rc8 14. b3 d6 15. Bg5 Nfe4 16. Bxe7 Qxe7 17. Nxe4 Bxe4 18. Qd2 Rfd8
19. Qe3 Qb7 20. Rd2 d5 21. Rcd1 h6 22. cxd5 Rxd5 23. Rxd5 Bxd5 24. h4 a5 $15 {
0-1 Kasimdzhanov,R-Timman,J/Dordrecht 2000/EXT 2001 (34)}) (12... Nce4 13. Ne5
Nxc3 14. Bxb7 Nxd1 15. Rxd1 Rb8 16. Nc6 dxc6 17. Rxd8 Rbxd8 18. Qa4 Bd6 19.
Qxa7 Bxf4 20. gxf4 Rd7 $13 {1/2-1/2 Huzman,A-Podgaets,M/Ohrid 2001/CBM 84 (30)}
) 13. Rd4 d5 14. cxd5 (14. Rc1 Nce4 15. Nxe4 dxe4 16. Ne5 h6 17. Qc3 Rd8 18.
Rcd1 Rxd4 19. Rxd4 Qe8 20. h3 {1/2-1/2 Khalifman,A-Leko,P/Wijk aan Zee NED
2002/The Week in Chess 377 (20)}) 14... Nxd5 (14... exd5 15. Rdd1 Nce4 16. Rac1
Bc5 17. e3 Nxc3 18. Qxc3 Ne4 19. Qd3 Qe6 20. Be5 Rac8 21. Bd4 Be7 22. Qf1 Rxc1
23. Rxc1 Rc8 24. Qd1 Bd6 25. Bf1 Qf5 26. Kg2 Rxc1 27. Qxc1 f6 28. Bd3 Kf7 29.
Qc2 g5 $1 $11 {1/2-1/2 Gelfand,B-Leko,P/Cannes FRA 2002/The Week in Chess 381 
(33). (32)}) 15. Nxd5 Bxd5 16. Ng5 ({of course not} 16. e4 $4 {which is losing
a pawn:} Nxe4 {[%csl Rc2][%cal Gc8c2]}) 16... Bxg5 17. Bxg5 (17. Bxd5 {would
have allowed black to get a slightly better rook ending:} exd5 $1 18. Bxg5 Ne4
19. Qxc8 Raxc8 20. Rxd5 Nxg5 21. Rxg5 Rc2 $15) 17... Bxg2 18. Kxg2 Qb7+ 19. Kg1
e5 {White is only symbolically better.His bishop will be limited to 3 squares
by black pawns. The open files will be controlled by each side.} 20. Rc4 Ne6
21. Be3 Rfd8 22. Rc1 Rd7 23. Qe4 {whtie has nothing better} (23. Rc8+ Rd8 ({
worse is:} 23... Rxc8 24. Qxc8+ Qxc8 25. Rxc8+ Rd8 26. Rxd8+ Nxd8 {the bishop
is better than a N}) 24. Rxa8 Qxa8) 23... Qxe4 24. Rxe4 f6 25. Ra4 Rb8 26. Kg2
Kf7 27. g4 g6 28. Rc6 Ke7 {white's activity is virtual. Black has no
weaknesses in his camp.} 29. b3 f5 $6 {needlessly creating another target for
white rooks} (29... Rg8 $142) 30. f3 Kf7 31. gxf5 gxf5 32. Rh4 Rg8+ 33. Kf2 Kf6
34. Bc1 $6 {missing an opportunity to get small edge} (34. f4 $1 e4 (34... Rg4
35. fxe5+ Kxe5 36. Rh5 $14) 35. Bc1 {might have become unpleasant for black})
34... f4 35. Bb2 Kf5 {Now black is fine} 36. Bc3 Rg5 37. Rh6 Rg6 38. Rh5+ Rg5
39. Rh6 Rg6 40. Rh5+ Rg5 1/2-1/2

[Event "ISR-chT"]
[Site "Ramat Aviv"]
[Date "2000.05.12"]
[Round "11.2"]
[White "Bykhovsky, Avigdor"]
[Black "Psakhis, Lev"]
[Result "1/2-1/2"]
[WhiteElo "2467"]
[BlackElo "2599"]
[Annotator "Gershon,A"]
[PlyCount "52"]
[EventDate "2000.01.14"]
[EventType "team"]
[EventRounds "11"]
[EventCountry "ISR"]
[SourceTitle "CBM 077"]
[Source "ChessBase"]
[SourceDate "2000.07.27"]
[SourceVersion "1"]
[SourceVersionDate "2000.07.27"]
[SourceQuality "1"]
[WhiteTeam "Herzliya"]
[BlackTeam "Rishon Le Zion Kasparov"]
[WhiteTeamCountry "ISR"]
[BlackTeamCountry "ISR"]

1. d4 e6 2. c4 Nf6 3. Nf3 b6 4. g3 Ba6 5. b3 Bb4+ 6. Bd2 Be7 7. Bg2 d5 8. Ne5
O-O 9. O-O (9. Bc3 c5 10. Nd2 Bb7 11. O-O (11. dxc5 Bxc5 12. O-O Qe7 13. e3 Rd8
14. Qc2 Na6 15. Rad1 Nb4 16. Qb1 a5 17. Bb2 Rac8 18. a3 Na6 19. Qa1 Bd6 20.
cxd5 exd5 21. Nef3 $14 {0-1 Pavlov,A-Ionov,S/Novgorod 1995/EXT 2000 (35)})
11... Nbd7 12. Ndf3 Rc8 13. Bb2 dxc4 14. Nxc4 b5 15. Nce5 Nxe5 16. Nxe5 Bxg2
17. Kxg2 Qd5+ 18. Kg1 Rfd8 19. dxc5 Qxc5 20. Nd3 Qh5 $15 {[%csl Rg1] 0-1
Teijeiro,B-Pogorelov,R/Mondariz 1996/EXT 98 (57)}) 9... Bb7 10. Bc3 {Is new
according to my database} (10. Nc3 Na6 (10... Nbd7 11. Bf4 c5 12. cxd5 Nxd5 13.
Nxd5 exd5 14. Rc1 Re8 15. Qd3 Nxe5 16. Bxe5 Qd7 17. Rc2 Rac8 18. dxc5 Rxc5 19.
Rxc5 bxc5 20. Rd1 Bf8 21. Bb2 Rd8 22. e3 h6 {1/2-1/2 Fomichenko,E-Brodsky,M/
Krasnodar 1998/EXT 2000 (22)}) 11. cxd5 exd5 12. Qc2 h6 (12... Qc8 13. Bg5 Rd8
14. Rfd1 h6 15. Be3 Qe6 16. Nd3 Bf8 17. Nf4 Qe8 18. Qf5 c6 19. Nh5 Nh7 20. Nf4
Nf6 21. Nh5 Nh7 22. Nf4 {1/2-1/2 Gonzalez Garcia,J-Van den Doel,E/Budapest
1995/CBM 50 ext (22)}) 13. Rfd1 (13. Rad1 Qc8 14. Rfe1 c5 15. Be3 Rd8 16. f4
cxd4 17. Bxd4 Ne4 18. Qb2 Bc5 19. Nb5 f6 20. Nd3 Qd7 21. a4 Qe7 22. Rc1 $14 {
1-0 Kolev,A-Tukmakov,V/Elenite 1993/CBM 38 (43)}) 13... Qc8 14. Nd3 c5 15. Qb2
Rd8 16. Rac1 Qd7 17. Be3 g5 18. Na4 Ng4 19. Bh3 Bf6 20. Ne1 Bc8 21. Qd2 Qe7 22.
Bxg4 Bxg4 23. Nc2 $13 {1-0 Dydyshko,V-Roeder,M/Germany 1996/GER-chT2 (63)})
10... Na6 $1 {Psakhis expoits the fact that white has to waste another two
tempi in order to take the N out and prepares to open the center with c4 on
his next move} 11. Bb2 c5 12. cxd5 $6 {makes the life too easy for black} (12.
Nc3 $142 Rb8 13. cxd5 Nxd5 14. dxc5 (14. Nxd5 $6 Bxd5 15. Nc6 $2 Bxc6 16. Bxc6
Bf6 $1 {[%csl Rb2]} 17. e3 cxd4 18. Bxd4 Bxd4 19. exd4 Nb4 $15) 14... Nxc3 15.
Bxc3 Nxc5 16. Nc6 Bxc6 17. Bxc6 $14) 12... Nxd5 13. Nc3 Nxc3 14. Bxc3 Bxg2 15.
Kxg2 Qd5+ 16. Nf3 Bf6 {Now white has to think about equalizing} 17. Qd3 $1 Qb7
(17... Nc7 $6 18. Rac1 Rfd8 (18... Rac8 $11) 19. dxc5 (19. Rfd1) 19... Qxd3 20.
exd3 Bxc3 21. Rxc3 Nb5 22. Rcc1 Rxd3 23. c6 $14) 18. dxc5 Nxc5 19. Qe3 Bxc3 20.
Qxc3 $11 Rac8 (20... Qe4 21. Qe5 $11) 21. Rac1 Rfd8 22. Rfd1 Rxd1 23. Rxd1 Ne4
24. Qe5 h6 25. Rd4 Nf6 26. Qe3 b5 1/2-1/2

[Event "Yongchuan zt 3.3"]
[Site "Yongchuan"]
[Date "2003.07.22"]
[Round "10"]
[White "Xu, Jun"]
[Black "Zhao, Jun"]
[Result "1-0"]
[WhiteElo "2626"]
[BlackElo "2447"]
[Annotator "Gershon,A"]
[PlyCount "103"]
[EventDate "2003.07.11"]
[EventType "tourn"]
[EventRounds "11"]
[EventCountry "CHN"]
[EventCategory "12"]
[SourceTitle "CBM 097"]
[Source "ChessBase"]
[SourceDate "2003.11.11"]
[SourceVersion "1"]
[SourceVersionDate "2003.11.11"]
[SourceQuality "1"]

1. d4 Nf6 2. Nf3 e6 3. c4 b6 4. g3 Ba6 5. b3 Bb4+ 6. Bd2 Be7 7. Bg2 c6 8. O-O
d5 9. Qc2 Nbd7 10. Rd1 O-O 11. Bf4 Rc8 12. Nc3 b5 ({the more popular
alternative nowadays is:} 12... Nh5 13. Bc1 f5 14. a4 (14. e3 g5 (14... Bd6 $6
15. a4 Nhf6 16. a5 $1 bxa5 17. Ba3 Bxa3 18. Rxa3 dxc4 19. Rda1 cxb3 20. Qxb3
Nd5 21. Rxa5 Rb8 22. Qa3 Bc4 23. Rxa7 Nxc3 (23... Rb3 24. Qd6) 24. Qxc3 $16 {
1-0 Izoria,Z-Mastrovasilis,A/Athens GRE 2003/The Week in Chess 464 (40)}) 15.
Ne2 Bd6 16. a4 h6 17. Ba3 Bxa3 18. Rxa3 Qe7 19. Raa1 Nhf6 20. Rac1 Ne4 21. Ne5
Qg7 22. Nxd7 Qxd7 23. Nc3 $14 {1/2-1/2 Cyborowski,L-Chiburdanidze,M/Lippstadt
GER 2003/The Week in Chess 458 (39)}) 14... Bb4 15. a5 bxa5 (15... Bxa5 $4 16.
b4) 16. c5 Nhf6 17. Na2 Bb5 18. Nxb4 axb4 19. Rxa7 $14 {1/2-1/2 Sasikiran,
K-Barua,D/Mumbai IND 2003/The Week in Chess 430 (55). (54)}) 13. c5 b4 (13...
Bb7 14. e4 Nxe4 15. Nxe4 dxe4 16. Qxe4 Nf6 17. Qc2 Nd5 18. Bd2 Qc7 19. h4 Rcd8
20. Re1 Bf6 21. Re4 Bc8 22. Rae1 $14 {1-0 Goldin,A-Hummel,P/Las Vegas 2001/EXT
2002 (32). (31)}) 14. Na4 Bb5 15. a3 a5 16. Ne1 $5 $146 {[%csl Rb4][%cal Ge1d3,
Ye2e4]} (16. axb4 axb4 17. Re1 Ra8 18. Nb2 Ne4 19. Nd3 g5 20. Rxa8 Qxa8 21. Bc1
$14 {1/2-1/2 Izoria,Z-Esplana,C/Nakhchivan AZE 2003/The Week in Chess 452 (36)}
) 16... Nh5 17. Be3 $6 {Not a very fortunate place for the B. White'd better
keep the option of preventing 'f5-f4' with e2-e3 later on} (17. Bc1 Ra8 18.
axb4 axb4 19. Bb2 $11) 17... f5 18. Bf3 {before taking any kind of action on
the Q side, white pins black Q to defend the N.} (18. axb4 axb4 19. Nd3 Bxd3
20. Qxd3 f4 21. Bd2 $14) 18... Qe8 19. axb4 axb4 20. Nb6 $1 {White is not
wasting time to take a useless pawn on b4. He is looking to invade black's
position along the 'a' file instead. The 'b4' pawn is not going anywhere.} (20.
Bd2 e5 $132) 20... Nxb6 21. cxb6 Rb8 (21... f4 22. Bd2 (22. Bxh5 $2 Qxh5 23.
Bxf4 Rxf4 24. gxf4 Bxe2 25. b7 Rf8 26. Rd2 Qg4+ 27. Kh1 Qh3 $1 28. Ng2 Bf3 29.
Rg1 Bd6 $19) 22... fxg3 23. hxg3 Rb8 24. Ra7 {is similar to the game.}) 22. Ra7
Bd6 23. b7 f4 24. Bc1 e5 $1 {black must act in the center, before white is
able to stabilize the pawn on b7. Besides, his pieces are very well placed,
and there is no reason why such a play shouldn't work} 25. dxe5 Qxe5 26. Bb2
Qg5 27. Bc1 Qe5 28. Bb2 Qg5 29. Bc1 {White has nothing better to do other than
repeat the moves. However, playing black is hard to settle for a draw in such
a position} {too ambitious} Qe7 $2 (29... Rbe8 $5 {was the more conventional
way to continue}) 30. Nd3 $2 {Hard to say what did white miss, but black gets
a big advantage easily.} ({white should have accepted the sac} 30. Bxh5 fxg3
31. hxg3 Bc5 32. Ra8 Bxf2+ 33. Kg2 Bxg3 $1 34. Nf3 $1 (34. Rxb8 Bxb8 $19) (34.
Kxg3 Qe5+ 35. Kg2 Qxh5 {and black has at least a draw}) 34... Qxe2+ (34... Qxb7
35. Ng5 $1 g6 36. Bxg6 Rxa8 (36... Be5 37. Bxh7+ Kh8 38. Rh1 $18) 37. Bxh7+ Kh8
38. Bb2+ $18) 35. Qxe2 Bxe2 36. Rd2 Bxf3+ 37. Bxf3 Be5 38. Ra6 $18 {and black
pawn chain will soon be destroyed}) 30... fxg3 31. hxg3 Nxg3 $1 32. fxg3 Bxd3
33. Rxd3 Bc5+ $17 34. Kh1 Bxa7 35. Qxc6 Kh8 (35... Rxf3 36. Rxf3 Qxb7 37. Qe6+
Kh8 38. Bf4 $132) 36. Qxd5 {although his position is difficult, white has a
strong card - the 'b7' pawn.} Rbd8 37. Qc4 (37. Bg5 $5 {is nice, but not
sufficient} Rxd5 38. Bxe7 Rxd3 39. Bxf8 Rxb3 40. Bd6 (40. Kg2 Rb1 (40... Bb8)
41. Be4 Rg1+ 42. Kh3 Bb8 (42... b3 $4 43. Bc5 $18) 43. Bxb4 Rxg3+ $19) 40...
Rb1+ 41. Kg2 b3 $19) 37... Rxd3 38. Qxd3 Qc5 39. Qd1 Bb8 40. Kg2 h6 $17 41. Bd2
Rd8 $2 (41... Qd4 42. Qe1 Bd6 $17) 42. Bxb4 $1 Qg5 (42... Rxd1 43. Bxc5 $16 {
with a huge advantage for white.}) 43. Qe1 h5 44. Ba5 Rd6 $4 {A very careless
move ,letting white Q out.} ({after} 44... Rf8 {the position would have
remained balanced}) 45. Qc3 {Now black is unable to stop the 'b' pawn anymore}
h4 46. Qc8+ Kh7 47. Be1 Rd8 48. g4 $16 g6 49. Qe6 Rf8 {losing on the spot.
However, other moves seem to only prolong the struggle.} (49... Kh6 50. Bf2 {
[%csl Gb7,Rg5,Rh6][%cal Gf2e3] and eventually, even fritz agrees that black's
poition is impossible to hold.}) 50. Qd7+ Kh6 51. Bd2 Bf4 52. Qc8 $1 (52. Qc8
Rxc8 53. bxc8=Q Bxd2 54. Qh8#) 1-0